Statistics for Answers Contain Sky

Click here to take the quiz!

General Stats

  • This quiz has been taken 37 times
    (34 since last reset)
  • The average score is 7 of 20

Answer Stats

HintAnswer% Correct
A very tall buildingSkyscraper
90%
The sport of parachutingSky Diving
72%
The view of a city's buildings and other structures against the skySkyline
66%
The creation of words in the air by aircraft using smokeSkywriting
62%
The potential or possiblilities are limitlessSky's the Limit
59%
Take control of an aircraft in flight by the threat of violenceSkyjack
55%
A means to communicate by voice, video and IM over the InternetSkype
55%
The 23rd James Bond filmSkyfall
45%
To a very high levelSky High
45%
A private area at a sports stadium featuring luxurious amenitiesSkybox
31%
A retail sales magizine found on most US airline planesSky Mall
31%
A person employed to carry luggage at an airportSkycap
24%
US Southern Rock group that recorded FreebirdLynyrd Skynyrd
21%
Manuvering with a board attached to feet while parachutingSky Surfing
21%
A southwestern US airportSky Harbor
17%
A bridge or catwalk between buildingsSky Way
17%
An Italian brand of distilled spirtsSkyy Vodka
10%
An amusement park ride that simulates jumping from a airplaneSky Coaster
7%
A 40s & 50s US radio and tv show featuring an Arizona rancher and his niece PennySky King
7%
The leader of the Decepticon Predators in the TransformersSkyquake
3%

Score Distribution

Percentile by Number Answered

Percent of People with Each Score

Your Score History

You have not taken this quiz since the last reset